| 000 | 00663nam a2200217 i 4500 | ||
|---|---|---|---|
| 001 | bgj | ||
| 245 | 0 |
_aBeowulf : _bthe oldest English epic / _ctranslated into alliterative verse with a critical introduction by Charles W. Kennedy. |
|
| 260 |
_aLondon : _bOxford University Press, _c1978. |
||
| 300 |
_a121 pp ; _c20 cm. |
||
| 504 | _aA selected bibliography p. [107]-111. | ||
| 650 | 9 | _aBeowulf | |
| 650 | 9 | _aEpic poetry, English (Old) | |
| 650 | 9 | _aDragons | |
| 651 | 9 | _aMonsters | |
| 655 | _aPoetry | ||
| 700 | 1 |
_aKENNEDY, Charles W. _d(1882-1969). _etr. |
|
| 040 | _cBPK | ||
| 041 | 0 | _aeng | |
| 942 | _cKS | ||
| 008 | s uk f |000 0 eng | ||
| 999 |
_c48838 _d48838 |
||
| 856 |
_uhttp://koha.tu.koszalin.pl/cgi-bin/koha/opac-detail.pl?biblionumber=48838 _yKatalog online BPK |
||